Normal view
MARC view
- ADOBE ACROBAT 6.0
Entry Topical Term
001 - CONTROL NUMBER
- control field: 65929
003 - CONTROL NUMBER IDENTIFIER
- control field: NUST
005 - DATE AND TIME OF LATEST TRANSACTION
- control field: 20210628203518.0
008 - FIXED-LENGTH DATA ELEMENTS
- fixed length control field: 210628|| aca||aabn | a|a d
040 ## - CATALOGING SOURCE
- Original cataloging agency: NUST
- Transcribing agency: NUST
150 ## - HEADING--TOPICAL TERM
- Topical term or geographic name entry element: ADOBE ACROBAT 6.0
670 ## - SOURCE DATA FOUND
- Source citation: Work cat.: (NUST): Young, Carl 65928, Carl young's adobe acrobat 6.0
